Statistics for Countries France Invaded, Occupied. or Fought since 1776

Click here to take the quiz!

General Stats

  • This quiz has been taken 630 times
    (444 since last reset)
  • The average score is 46 of 66

Answer Stats

Answer% Correct
United Kingdom
97%
Spain
95%
Germany
94%
Russia
92%
United States
91%
Portugal
90%
Italy
89%
Belgium
88%
Algeria
87%
Austria
87%
Morocco
84%
Netherlands
84%
Poland
82%
China
80%
Egypt
80%
Vietnam
80%
Japan
79%
Mali
79%
Niger
78%
Tunisia
78%
Turkey
78%
India
77%
Libya
77%
Luxembourg
77%
Chad
76%
Laos
76%
Cambodia
75%
Democratic Republic of the Congo
75%
Senegal
75%
Syria
75%
Hungary
74%
Mexico
74%
Iraq
73%
Republic of the Congo
73%
Mauritania
69%
Guinea
68%
Cote D'Ivoire
66%
Ireland
66%
Togo
66%
Benin
65%
Cameroon
65%
Madagascar
65%
Lebanon
64%
Ukraine
64%
Central African Republic
62%
Haiti
62%
Gabon
61%
Slovenia
59%
Thailand
59%
Afghanistan
58%
Croatia
58%
Gambia
58%
Belarus
57%
Somalia
57%
Burkina Faso
55%
Djibouti
54%
Comoros
51%
Lithuania
50%
Dominican Republic
49%
Malta
46%
Seychelles
46%
Liberia
45%
South Korea
44%
Equatorial Guinea
42%
Vanuatu
34%
Sao Tome
29%

Score Distribution

Percentile by Number Answered

Percent of People with Each Score

Your Score History

You have not taken this quiz since the last reset